000 00315nam a22001457a 4500
008 210602b ||||| |||| 00| 0 eng d
020 _a1856490955
041 _aeng
080 _a574
082 _a574
100 _a9
101 _aMJE
245 _aEcological Tax Reform
_cJochen Jesinghaus
942 _2udc
_cBK
999 _c57891
_d57891